[Event "Moscow Open C University Men"]
[Site "Moscow RUS"]
[Date "2011.01.30"]
[Round "2.17"]
[White "Matsenko, Sergei"]
[Black "Edzhibia, David"]
[Result "1-0"]
[WhiteTitle "IM"]
[WhiteElo "2475"]
[BlackElo "2054"]
[WhiteFideId "4170083"]
[BlackFideId "24109851"]
[EventDate "2011.01.29"]

1. e4 c5 2. Nf3 Nc6 3. d4 cxd4 4. Nxd4 Nf6 5. Nc3 d6 6. Bg5 Bd7 7. Qd2 h6 8.
Bxf6 gxf6 9. O-O-O Nxd4 10. Qxd4 Qa5 11. f4 Rc8 12. Kb1 Bg7 13. f5 Qc5 14. Qd3
a6 15. Nd5 h5 16. c3 b5 17. h4 e6 18. Qg3 Kf8 19. fxe6 Bxe6 20. Be2 Rh6 21. Nf4
Rd8 22. Rhf1 Kg8 23. Qf2 Qxf2 24. Rxf2 f5 25. Nxe6 fxe6 26. exf5 e5 27. Bf3 Bf6
28. g3 Kg7 29. Rd5 Rhh8 30. a4 bxa4 31. Ra5 Be7 32. Rxa4 Kf6 33. Bd5 Rh7 34.
Rxa6 Rg7 35. Rf3 Rg4 36. Kc2 e4 37. Re3 Kxf5 1-0

[Event "Moscow Open C University Men"]
[Site "Moscow RUS"]
[Date "2011.01.30"]
[Round "2.18"]
[White "Shefer, Alexander"]
[Black "Zimin, Alexey"]
[Result "0-1"]
[WhiteElo "2202"]
[BlackElo "2208"]
[WhiteFideId "4198581"]
[BlackFideId "4168925"]
[EventDate "2011.01.29"]

1. d4 d5 2. c4 e6 3. Nf3 c5 4. cxd5 exd5 5. g3 Nc6 6. Bg2 Nf6 7. O-O Be7 8. Nc3
O-O 9. Bg5 cxd4 10. Nxd4 h6 11. Bf4 Qb6 12. Nxc6 bxc6 13. Qc2 Bg4 14. Rfe1 Rac8
15. Na4 Qa6 16. Bf1 c5 17. e4 Qe6 18. exd5 Nxd5 19. Bc4 Qc6 20. Qe4 Nxf4 21.
Qxf4 Bh3 22. Bf1 Bg5 23. Qc4 Be6 0-1

[Event "Moscow Open C University Men"]
[Site "Moscow RUS"]
[Date "2011.01.30"]
[Round "2.19"]
[White "Shvydkin, Pavel"]
[Black "Shukh, Nikolai"]
[Result "0-1"]
[BlackTitle "IM"]
[WhiteElo "2064"]
[BlackElo "2442"]
[WhiteFideId "24148849"]
[BlackFideId "24102580"]
[EventDate "2011.01.29"]

1. e4 e5 2. Nf3 Nc6 3. Bb5 a6 4. Bxc6 dxc6 5. d4 exd4 6. Qxd4 Qxd4 7. Nxd4 Bd7
8. Be3 Nf6 9. f3 O-O-O 10. Nc3 h6 11. O-O-O c5 12. Nde2 b6 13. Nf4 g5 14. Nfd5
Nxd5 15. Nxd5 Be6 16. Rd2 Kb7 17. Rhd1 Bg7 18. Bf2 f5 19. exf5 Bxf5 20. Bg3 Bd4
21. Ne7 Bh7 22. Be5 Rhe8 23. Bxd4 cxd4 24. Re1 Rd7 25. Rde2 Bxc2 26. Re6 Bd3 27.
b3 Bf1 28. g4 Bg2 29. Nf5 Rxe6 30. Rxe6 Bxf3 31. Nxh6 Rd5 32. Kd2 Ra5 33. a4 Bd5
34. Re5 Bxb3 35. Rxa5 bxa5 36. Kd3 c5 37. Nf5 Kc6 38. Ne7+ Kd6 39. Nf5+ Ke5 40.
h4 c4+ 41. Kd2 gxh4 0-1

[Event "Moscow Open C University Men"]
[Site "Moscow RUS"]
[Date "2011.01.30"]
[Round "2.20"]
[White "Cherny, Oleg"]
[Black "Omariev, Maksim"]
[Result "0-1"]
[BlackTitle "FM"]
[WhiteElo "2046"]
[BlackElo "2335"]
[WhiteFideId "24115886"]
[BlackFideId "4193423"]
[EventDate "2011.01.29"]

1. d4 h5 2. e4 h4 3. Nf3 c6 4. Bg5 h3 5. gxh3 d5 6. exd5 cxd5 7. h4 Nf6 8. Bxf6
gxf6 9. Nbd2 Nc6 10. Qe2 Bg4 11. Qb5 Qd7 12. Be2 e5 13. dxe5 fxe5 14. O-O-O
O-O-O 15. Kb1 Kb8 16. Ne4 Bxf3 17. Bxf3 Qf5 18. Ng5 Rxh4 19. Rhg1 Rb4 20. Qe2
Nd4 21. Qd3 e4 22. Qc3 Nxf3 23. Nxf3 exf3 24. Rg8 Rg4 25. Rh8 Rc8 26. Qb3 Rgc4
27. Rd2 Qe5 0-1

[Event "Moscow Open C University Men"]
[Site "Moscow RUS"]
[Date "2011.01.30"]
[Round "2.21"]
[White "Kvasov, Sergey"]
[Black "Rakhimgaliyev, Yerlan"]
[Result "0-1"]
[BlackTitle "FM"]
[WhiteElo "1961"]
[BlackElo "2320"]
[WhiteFideId "24145939"]
[BlackFideId "13705148"]
[EventDate "2011.01.29"]

1. d4 Nf6 2. e3 c5 3. c3 d5 4. Bd3 Nc6 5. f4 Bg4 6. Nf3 Ne4 7. O-O e6 8. Qe1
Bxf3 9. Rxf3 f5 10. Bb5 Be7 11. Nd2 Qb6 12. Bxc6+ bxc6 13. Nxe4 dxe4 14. Rf2 Rd8
15. dxc5 Qxc5 16. b4 Qc4 17. Rd2 Kf7 18. Rd4 Qa6 19. Rxd8 Rxd8 20. Bb2 Rd3 21.
a3 Qb6 22. Kf2 g5 23. Qe2 Kg6 24. c4 gxf4 25. Bd4 Rxd4 0-1

[Event "Moscow Open C University Men"]
[Site "Moscow RUS"]
[Date "2011.01.30"]
[Round "2.22"]
[White "Koreschikov, Maxim"]
[Black "Anfinogenov, Artem"]
[Result "1-0"]
[WhiteTitle "FM"]
[WhiteElo "2309"]
[BlackElo "2068"]
[WhiteFideId "24103900"]
[BlackFideId "4197461"]
[EventDate "2011.01.29"]

1. d4 d5 2. c4 c6 3. Nf3 Nf6 4. e3 a6 5. Nc3 b5 6. b3 Bg4 7. Be2 e6 8. O-O Nbd7
9. Qc2 Bb4 10. Bd2 Bxc3 11. Bxc3 Ne4 12. a4 bxc4 13. bxc4 a5 14. Bb2 O-O 15. Ba3
Re8 16. Rab1 Nb6 17. Rfc1 Bf5 18. cxd5 cxd5 19. Qc6 Nc4 20. Bxc4 Rc8 21. Qxe8+
Qxe8 22. Bb5 Rxc1+ 23. Rxc1 Qd8 24. Ba6 e5 25. Nxe5 f6 26. Nc6 Qb6 27. Bb5 Kf7
28. Be7 Kg6 29. Bd8 Qb7 30. Ne7+ Kg5 31. f4+ Kh6 32. Nxf5+ Kg6 33. Rc7 1-0

[Event "Moscow Open C University Men"]
[Site "Moscow RUS"]
[Date "2011.01.30"]
[Round "2.23"]
[White "Dzhumaev, Almir"]
[Black "Gureev, Dmitry"]
[Result "0-1"]
[WhiteElo "2226"]
[BlackElo "2038"]
[WhiteFideId "24169544"]
[BlackFideId "24144428"]
[EventDate "2011.01.29"]

1. e4 d6 2. d4 Nf6 3. Nc3 Nbd7 4. f4 e5 5. Nf3 exd4 6. Nxd4 g6 7. Bc4 Bg7 8. O-O
O-O 9. f5 Ne5 10. Bb3 c5 11. Nf3 c4 12. Nxe5 cxb3 13. Nc4 d5 14. exd5 bxc2 15.
Qf3 Bxf5 16. Bg5 Qc7 17. Ne3 Qb6 18. Kh1 Qxb2 19. Nxf5 gxf5 20. Rae1 Rac8 21.
Ne2 Qe5 22. Bxf6 Qxf6 23. Qd3 Rfd8 24. Rxf5 Qg6 25. Qh3 Re8 26. Rff1 Qe4 27. d6
Rcd8 28. Qb3 Re6 29. Qa3 Rdxd6 30. Qxa7 Rd1 31. Qb8+ Re8 32. Qc7 Rxe1 33. Qxf7+
Kh8 34. Rxe1 c1=Q 35. Rxc1 Qxe2 36. Rg1 b5 37. Qd5 Qe5 38. Qc6 Bf8 39. Rf1 Bd6
40. g3 Qe4+ 41. Qxe4 Rxe4 42. Rb1 b4 43. Rb2 Kg7 44. Kg2 Kf6 45. Kf3 Re5 46. Rd2
Ke6 47. Kg4 Kd7 48. h3 Kc6 49. Rf2 h5+ 50. Kf4 Re2+ 0-1

[Event "Moscow Open C University Men"]
[Site "Moscow RUS"]
[Date "2011.01.30"]
[Round "2.24"]
[White "Isaev, Evgeny"]
[Black "Chizhikov, Vladislav"]
[Result "0-1"]
[WhiteElo "1940"]
[BlackElo "2225"]
[WhiteFideId "4176383"]
[BlackFideId "4178157"]
[EventDate "2011.01.29"]

1. d4 Nf6 2. c4 g6 3. Nc3 d5 4. Nf3 Bg7 5. Bg5 c6 6. cxd5 Nxd5 7. e4 Nb6 8. Be2
Bg4 9. e5 N8d7 10. Qb3 O-O 11. Qa3 Re8 12. O-O f6 13. Qb3+ Kh8 14. Bh4 fxe5 15.
Ng5 Rf8 16. Bxg4 exd4 17. Ne6 Qb8 18. Nxf8 Nxf8 19. Ne2 e5 20. f4 e4 21. Ng3 h5
22. Bxh5 gxh5 23. Nxe4 Nd5 24. Qf3 Qe8 25. Bf2 Nd7 26. Rfd1 c5 27. Nxc5 Nb4 28.
Nxd7 Qxd7 29. Qxh5+ Kg8 30. Qc5 Nc6 31. Qc4+ Kh8 32. Rd3 Bf6 33. Rad1 Rd8 34.
Rh3+ Kg7 35. Rdd3 Kf8 36. Rh6 Qf5 37. Rg3 Ne7 38. Qd3 Bg7 39. Rhh3 Rc8 40. Bxd4
Rc1+ 41. Kf2 Bxd4+ 42. Qxd4 Qc2+ 43. Kf3 Rf1+ 44. Kg4 Qg6+ 45. Kh4 Nf5# 0-1

[Event "Moscow Open C University Men"]
[Site "Moscow RUS"]
[Date "2011.01.30"]
[Round "2.25"]
[White "Barsamian, Eduard"]
[Black "Kuzin, Sergey"]
[Result "1-0"]
[WhiteElo "2213"]
[BlackElo "2028"]
[WhiteFideId "24102016"]
[BlackFideId "24124796"]
[EventDate "2011.01.29"]

1. d4 d5 2. c4 e6 3. Nc3 Nf6 4. cxd5 Nxd5 5. e4 Nxc3 6. bxc3 c5 7. Nf3 cxd4 8.
cxd4 Bb4+ 9. Bd2 Bxd2+ 10. Qxd2 O-O 11. Be2 b6 12. O-O Bb7 13. Qf4 Nd7 14. e5
Rc8 15. Ng5 h6 16. Ne4 Bxe4 17. Qxe4 f5 18. Qe3 Re8 19. Bb5 Re7 20. Rfd1 Nf8 21.
Ba4 Kh8 22. h3 a6 23. Qd3 b5 24. Bb3 Qc7 25. a4 Qc3 26. axb5 Qxd3 27. Rxd3 axb5
28. Ra5 Rb8 29. f4 g5 30. fxg5 hxg5 31. Rg3 Rg7 32. Ra6 Rd8 33. Rb6 Rxd4 34. Rb8
Rg8 35. Rxb5 Rg6 36. Rc3 Rg7 37. Rc8 Rg8 38. Rbb8 1-0

[Event "Moscow Open C University Men"]
[Site "Moscow RUS"]
[Date "2011.01.30"]
[Round "2.26"]
[White "Kyupriyski, Borislav"]
[Black "Piskun, Alexey"]
[Result "0-1"]
[WhiteElo "1922"]
[BlackElo "2213"]
[WhiteFideId "2910993"]
[BlackFideId "24105511"]
[EventDate "2011.01.29"]

1. d4 d5 2. Nf3 Nf6 3. c4 e6 4. Nc3 Be7 5. Bf4 O-O 6. e3 c5 7. a3 cxd4 8. Nxd4
a6 9. h3 Nbd7 10. Bh2 Nb6 11. cxd5 Nbxd5 12. Nxd5 Qxd5 13. Be2 Qxg2 14. Bf3 Qg5
15. b4 Nd5 16. Rg1 Qh6 17. Nf5 exf5 18. Bxd5 Qb6 19. Qb3 Be6 20. Be5 g6 21. Bd4
Qd6 22. Bxe6 Qxe6 23. Qxe6 fxe6 24. Rc1 Rac8 25. Rxc8 Rxc8 26. Kd2 b5 27. Bc3
Kf7 28. f3 Bf6 29. Bxf6 Kxf6 30. f4 e5 31. fxe5+ Kxe5 32. a4 Rc4 33. axb5 axb5
34. Rb1 Ke4 35. Rf1 g5 36. Rg1 h6 37. Rb1 h5 38. Rg1 g4 39. hxg4 hxg4 40. Rf1 g3
41. Rg1 Kf3 42. Rf1+ Kg4 43. Rb1 g2 44. Ke2 Kg3 0-1

[Event "Moscow Open C University Men"]
[Site "Moscow RUS"]
[Date "2011.01.30"]
[Round "2.27"]
[White "Kretov, Evgueij"]
[Black "Grinenko, Viktor"]
[Result "1-0"]
[WhiteElo "2210"]
[BlackElo "1981"]
[WhiteFideId "4167821"]
[BlackFideId "4110609"]
[EventDate "2011.01.29"]

1. d4 Nf6 2. c4 e6 3. Nc3 Bb4 4. Bg5 c5 5. d5 h6 6. Bh4 g5 7. Bg3 Ne4 8. Be5 f6
9. Qc2 exd5 10. cxd5 fxe5 11. Qxe4 Qf6 12. h4 gxh4 13. e3 d6 14. Bb5+ Bd7 15.
Bd3 Rf8 16. Qxh4 Na6 17. Nf3 Nc7 18. Qh5+ Kd8 19. Be4 Nb5 20. Rc1 Rh8 21. Qh4
Ke7 22. Ke2 Nxc3+ 23. bxc3 Ba5 24. Nd2 b5 25. Bb1 Rag8 26. g3 Bg4+ 27. f3 Bd7
28. Qxf6+ Kxf6 29. g4 Ke7 30. Ne4 h5 31. g5 Bf5 32. f4 exf4 33. exf4 Rf8 34. Kf3
h4 35. Rhe1 Bxe4+ 36. Bxe4 b4 37. f5 Rhg8 38. Kg4 bxc3 39. f6+ Kd8 40. Bh7 c2
41. Re2 Rh8 42. Re7 h3 43. Rxc2 1-0

[Event "Moscow Open C University Men"]
[Site "Moscow RUS"]
[Date "2011.01.30"]
[Round "2.28"]
[White "Vorobjev, Dmitry"]
[Black "Babkin, Ivan"]
[Result "1/2-1/2"]
[WhiteElo "2154"]
[BlackElo "1953"]
[WhiteFideId "24112178"]
[BlackFideId "24142433"]
[EventDate "2011.01.29"]

1. e4 c6 2. d4 d5 3. Nc3 dxe4 4. Nxe4 Bf5 5. Ng3 Bg6 6. h4 h6 7. Nf3 Nd7 8. h5
Bh7 9. Bd3 Bxd3 10. Qxd3 Ngf6 11. Bd2 e6 12. O-O-O Qc7 13. Qe2 O-O-O 14. Ne5 Nb6
15. Ba5 c5 16. Bxb6 axb6 17. dxc5 Rxd1+ 18. Rxd1 bxc5 19. Kb1 Rg8 20. Qd3 Nd5
21. c4 Qxe5 22. cxd5 Be7 23. d6 Bf6 24. Qc2 Rd8 25. f4 Qe3 26. Rd3 Qe1+ 27. Rd1
Qxg3 28. Qxc5+ Kb8 29. Qc7+ Ka7 30. Qc5+ Kb8 31. Qc7+ 1/2-1/2

[Event "Moscow Open C University Men"]
[Site "Moscow RUS"]
[Date "2011.01.30"]
[Round "2.29"]
[White "Koltunovsky, Evgeny"]
[Black "Khmara, Maxim"]
[Result "0-1"]
[WhiteElo "1806"]
[BlackElo "2132"]
[WhiteFideId "24101257"]
[BlackFideId "4177681"]
[EventDate "2011.01.29"]

1. d4 e6 2. c4 d5 3. Nf3 Nf6 4. Bf4 Be7 5. Nc3 O-O 6. e3 a6 7. c5 b6 8. b4 a5 9.
a3 Nh5 10. Bd3 Nxf4 11. exf4 Bf6 12. h4 Nc6 13. Bxh7+ Kxh7 14. Ng5+ Kh6 15. Qd3
g6 16. h5 Kg7 17. hxg6 Rh8 18. O-O-O Bxg5 19. Rxh8 Bxf4+ 20. Kb1 Qxh8 21. Qf3
Qh6 22. gxf7 axb4 23. Ne2 Qg6+ 24. Rd3 Ba6 25. Nxf4 Bxd3+ 26. Kc1 Be4 27. Qh3
Qg5 28. g3 Nxd4 0-1

[Event "Moscow Open C University Men"]
[Site "Moscow RUS"]
[Date "2011.01.30"]
[Round "2.30"]
[White "Borisovsky, Viktor"]
[Black "Protasov, Alexey"]
[Result "1-0"]
[WhiteElo "2118"]
[BlackElo "1914"]
[WhiteFideId "24131768"]
[BlackFideId "24114561"]
[EventDate "2011.01.29"]

1. d4 Nf6 2. c4 g6 3. Nc3 d5 4. Bg5 Ne4 5. Bh4 Nxc3 6. bxc3 dxc4 7. e3 Qd5 8.
Nf3 Bg7 9. Be2 e6 10. O-O O-O 11. Nd2 Qa5 12. Nxc4 Qd5 13. Qb3 Nc6 14. Bf3 Qd7
15. Rfd1 a6 16. a4 Qe8 17. Qa3 Rb8 18. a5 Qd7 19. Qc5 Re8 20. Rab1 Ne7 21. Bg3
Nd5 1-0

[Event "Moscow Open C University Men"]
[Site "Moscow RUS"]
[Date "2011.01.30"]
[Round "2.31"]
[White "Partskhaladze, David"]
[Black "Tiukaev, Ilgiz"]
[Result "0-1"]
[WhiteElo "1755"]
[BlackElo "2117"]
[WhiteFideId "24133787"]
[BlackFideId "14201305"]
[EventDate "2011.01.29"]

1. d4 Nf6 2. c4 g6 3. Nc3 Bg7 4. e4 d6 5. f3 O-O 6. Be3 Nc6 7. Nge2 a6 8. Qd2
Rb8 9. h4 h5 10. Nc1 e5 11. d5 Nd4 12. Nb3 c5 13. dxc6 Nxb3 14. c7 Qxc7 15. axb3
Be6 16. Be2 Qc6 17. Rc1 Qd7 18. O-O Rfc8 19. Na4 Rc6 20. Nb6 Qd8 21. Nd5 Rcc8
22. Ba7 Ra8 23. Bb6 Qd7 24. b4 Kh7 25. Rfd1 Ne8 26. Be3 Bxd5 27. Qxd5 Qe7 28. c5
dxc5 29. Bxc5 Qc7 30. Bc4 Bh6 31. Ra1 b6 32. Rxa6 Rd8 33. Rxa8 Rxd5 34. Rxd5 Nf6
35. Rd6 Nd7 36. Rxd7 Qxd7 37. Bxb6 Qc6 38. Ra6 Qxc4 0-1

[Event "Moscow Open C University Men"]
[Site "Moscow RUS"]
[Date "2011.01.31"]
[Round "3.1"]
[White "Sharafiev, Azat"]
[Black "Ponkratov, Pavel"]
[Result "1/2-1/2"]
[WhiteTitle "FM"]
[BlackTitle "GM"]
[WhiteElo "2462"]
[BlackElo "2581"]
[WhiteFideId "4186214"]
[BlackFideId "4157800"]
[EventDate "2011.01.29"]

1. d4 Nf6 2. c4 c5 3. d5 g6 4. Nc3 Bg7 5. e4 d6 6. Nf3 O-O 7. h3 e6 8. Bd3 exd5
9. cxd5 Re8 10. O-O a6 11. a4 Nbd7 12. Bf4 Nh5 13. Bh2 Ne5 14. g4 Nxf3+ 15. Qxf3
Nf6 16. Qg3 c4 17. Bc2 Qb6 18. Rab1 Rd8 19. Kh1 Qa5 20. Ra1 Qb4 21. Ra2 Rb8 22.
f4 Nd7 23. Bg1 Qa5 24. g5 Re8 25. f5 Qd8 26. f6 Bf8 27. Ba7 Ra8 28. Bd4 b6 29.
b4 cxb3 30. Bxb3 Nc5 31. Bc2 Qd7 32. h4 h5 33. gxh6 Qh3+ 34. Qxh3 Bxh3 35. Rb1
Bg4 36. Rxb6 Bf3+ 37. Kg1 Nxe4 38. Nxe4 Bxe4 39. Bxe4 Rxe4 40. Bf2 Rg4+ 41. Kf1
Rf4 42. Rab2 Bxh6 43. Rxd6 Rxa4 44. Rdb6 Ra1+ 45. Kg2 1/2-1/2

[Event "Moscow Open C University Men"]
[Site "Moscow RUS"]
[Date "2011.01.31"]
[Round "3.2"]
[White "Efanov, Nikolai"]
[Black "Kharitonov, Alexandr"]
[Result "1/2-1/2"]
[WhiteTitle "IM"]
[BlackTitle "GM"]
[WhiteElo "2421"]
[BlackElo "2552"]
[WhiteFideId "4187997"]
[BlackFideId "4135202"]
[EventDate "2011.01.29"]

1. e4 c6 2. d4 d5 3. exd5 cxd5 4. Bd3 Nc6 5. c3 Qc7 6. h3 e6 7. Ne2 Bd6 8. O-O
Nge7 9. Nd2 Bd7 10. a3 Ng6 11. c4 dxc4 12. Nxc4 O-O 13. Nxd6 Qxd6 14. Bxg6 fxg6
15. Bg5 Rf5 16. Bh4 Rd5 17. Bg3 Qe7 18. Rc1 Rd8 19. Qb3 Be8 20. Rfe1 Bf7 21. Qe3
g5 22. Rc5 h6 23. Rxd5 Rxd5 24. Rc1 Qd8 25. Kh2 Qb6 26. b4 a6 1/2-1/2

[Event "Moscow Open C University Men"]
[Site "Moscow RUS"]
[Date "2011.01.31"]
[Round "3.3"]
[White "Evdokimov, Alexander A."]
[Black "Bagrationi, Alexander"]
[Result "1-0"]
[WhiteTitle "GM"]
[BlackTitle "IM"]
[WhiteElo "2551"]
[BlackElo "2459"]
[WhiteFideId "4139275"]
[BlackFideId "14104954"]
[EventDate "2011.01.29"]

1. d4 d5 2. c4 c6 3. Nf3 Nf6 4. Nc3 a6 5. e3 b5 6. c5 Nbd7 7. Bd2 e5 8. dxe5 Ng4
9. e6 fxe6 10. Nd4 Ndf6 11. h3 Ne5 12. b4 Bd7 13. f4 Nf7 14. Be2 a5 15. a3 e5
16. fxe5 Nxe5 17. O-O Be7 18. Be1 O-O 19. Bg3 Nc4 20. Bxc4 dxc4 21. Qe2 Qe8 22.
e4 Qg6 23. Bh2 Nh5 24. Rxf8+ Rxf8 25. Rd1 axb4 26. axb4 Bxh3 27. Nxc6 Bh4 28.
Rf1 Rxf1+ 29. Qxf1 Qxc6 30. gxh3 Nf6 31. Bd6 Qe8 32. e5 Qg6+ 33. Qg2 Ne8 34.
Qxg6 hxg6 35. c6 Be1 36. Nxb5 Bd2 37. Kf2 1-0

[Event "Moscow Open C University Men"]
[Site "Moscow RUS"]
[Date "2011.01.31"]
[Round "3.4"]
[White "Potapov, Pavel"]
[Black "Nozdrachev, Vladislav"]
[Result "1/2-1/2"]
[WhiteTitle "IM"]
[BlackTitle "FM"]
[WhiteElo "2470"]
[BlackElo "2438"]
[WhiteFideId "4169786"]
[BlackFideId "24113441"]
[EventDate "2011.01.29"]

1. e4 e5 2. Nf3 Nc6 3. Bc4 Bc5 4. c3 Nf6 5. d3 a6 6. Bb3 Ba7 7. O-O O-O 8. Re1
d6 9. h3 Ne7 10. Nbd2 Ng6 11. Nf1 h6 12. Ng3 Be6 13. d4 Qc8 14. Kh2 Re8 15. Be3
c6 16. Qd2 exd4 17. Bxd4 Bxd4 18. Nxd4 Bxb3 19. axb3 d5 20. exd5 cxd5 21. Ndf5
Qc7 22. Qd4 Kh7 23. Kg1 Nf4 24. Rad1 Re6 25. Re3 Rxe3 26. fxe3 Ne6 27. Qh4 Qe5
28. Rf1 Ng5 29. Nxg7 Kxg7 30. Nf5+ Kh8 31. Nxh6 Nfh7 32. Nxf7+ Nxf7 33. Rxf7
Qxe3+ 34. Kh1 Qe4 35. Qh6 Rg8 1/2-1/2

[Event "Moscow Open C University Men"]
[Site "Moscow RUS"]
[Date "2011.01.31"]
[Round "3.5"]
[White "Aldokhin, Ivan"]
[Black "Nakhapetiane, Pogos"]
[Result "0-1"]
[WhiteTitle "IM"]
[BlackTitle "FM"]
[WhiteElo "2391"]
[BlackElo "2469"]
[WhiteFideId "24115720"]
[BlackFideId "4166728"]
[EventDate "2011.01.29"]

1. e4 c5 2. Nf3 Nc6 3. d4 cxd4 4. Nxd4 e5 5. Nb5 d6 6. N1c3 a6 7. Na3 Be7 8. Nd5
Nf6 9. Nxf6+ Bxf6 10. Nc4 Be7 11. g3 Be6 12. Ne3 Bg5 13. Bg2 O-O 14. O-O Bxe3
15. Bxe3 Qc7 16. Qd2 b5 17. a4 bxa4 18. Rxa4 a5 19. Rfa1 Rfd8 20. b3 Rab8 21.
Qd1 Rdc8 22. c4 Rb7 23. R4a3 Rcb8 24. Bf1 Qd7 25. R1a2 Bg4 26. f3 Be6 27. Rd2
Qe7 28. Bd3 d5 29. exd5 Qxa3 30. dxc6 Rc7 31. Be4 Qe7 32. Rd6 Rcc8 0-1

[Event "Moscow Open C University Men"]
[Site "Moscow RUS"]
[Date "2011.01.31"]
[Round "3.6"]
[White "Popov, Ivan RUS"]
[Black "Turutin, Alexander"]
[Result "1-0"]
[WhiteTitle "GM"]
[BlackTitle "FM"]
[WhiteElo "2609"]
[BlackElo "2408"]
[WhiteFideId "4170350"]
[BlackFideId "4180623"]
[EventDate "2011.01.29"]

1. e4 e6 2. d4 d5 3. Nc3 Bb4 4. exd5 exd5 5. Bd3 Nc6 6. a3 Bxc3+ 7. bxc3 Nf6 8.
Ne2 O-O 9. O-O h6 10. Ng3 Ne7 11. a4 Ng6 12. f4 Re8 13. f5 Nf8 14. Qf3 c5 15.
dxc5 N8d7 16. Be3 Ne4 17. Bxe4 dxe4 18. Nxe4 Qe7 19. Rae1 Qxe4 20. Bf2 Nf6 21.
Rxe4 Rxe4 22. Bd4 1-0

[Event "Moscow Open C University Men"]
[Site "Moscow RUS"]
[Date "2011.01.31"]
[Round "3.7"]
[White "Novikov, Stanislav"]
[Black "Matsenko, Sergei"]
[Result "1/2-1/2"]
[WhiteTitle "GM"]
[BlackTitle "IM"]
[WhiteElo "2568"]
[BlackElo "2475"]
[WhiteFideId "4125371"]
[BlackFideId "4170083"]
[EventDate "2011.01.29"]

1. e4 c5 2. Nf3 Nc6 3. Bb5 e6 4. O-O Nge7 5. Re1 a6 6. Bxc6 Nxc6 7. Nc3 b5 8. d4
cxd4 9. Nxd4 Bb7 10. a4 b4 11. Nd5 Rc8 12. Bf4 Ne7 13. Nf5 Nxf5 14. exf5 Bc5 15.
Qg4 1/2-1/2

[Event "Moscow Open C University Men"]
[Site "Moscow RUS"]
[Date "2011.01.31"]
[Round "3.8"]
[White "Papin, Vasily"]
[Black "Polschikov, Alexey"]
[Result "1/2-1/2"]
[WhiteTitle "IM"]
[BlackTitle "FM"]
[WhiteElo "2568"]
[BlackElo "2380"]
[WhiteFideId "4143183"]
[BlackFideId "24130583"]
[EventDate "2011.01.29"]

1. d4 d5 2. c4 e6 3. Nf3 Nf6 4. Nc3 c6 5. Bg5 Nbd7 6. e3 Qa5 7. cxd5 Nxd5 8. Qd2
Bb4 9. Rc1 h6 10. Bh4 b6 11. a3 Bxc3 12. bxc3 c5 13. Bd3 Ba6 14. c4 Qxd2+ 15.
Nxd2 Ne7 16. f3 Nf5 17. Bf2 Nd6 18. Ke2 Ke7 19. Rc3 Rac8 20. Rhc1 Rhe8 21. a4
Nb7 22. Nb3 cxd4 23. exd4 e5 24. c5 Bxd3+ 25. Rxd3 bxc5 26. dxc5 Nb8 27. Nd2 Ke6
28. Rb3 Re7 29. Rb5 Nc6 30. Rcb1 Rcc7 31. Nb3 Nbd8 32. Rd1 Red7 33. Rb1 f5 34.
Rb2 1/2-1/2

[Event "Moscow Open C University Men"]
[Site "Moscow RUS"]
[Date "2011.01.31"]
[Round "3.9"]
[White "Tilicheev, Viacheslav"]
[Black "Ovetchkin, Roman"]
[Result "0-1"]
[WhiteTitle "FM"]
[BlackTitle "GM"]
[WhiteElo "2338"]
[BlackElo "2498"]
[WhiteFideId "24114928"]
[BlackFideId "4119991"]
[EventDate "2011.01.29"]

1. d4 Nf6 2. c4 e6 3. g3 c5 4. d5 exd5 5. cxd5 b5 6. e4 Nxe4 7. Qe2 Qe7 8. Bg2
f5 9. d6 Qe6 10. g4 Bb7 11. gxf5 Qc4 12. Nc3 Qxe2+ 13. Ngxe2 Nxd6 14. Bxb7 Nxb7
15. Nxb5 Na6 16. Nec3 Nd6 17. Bf4 Nxf5 18. O-O-O Be7 19. Rhe1 O-O 20. Rxd7 Rad8
21. Rxd8 Bxd8 22. Nxa7 Nb4 23. Rd1 c4 24. Nd5 Nd3+ 25. Kb1 Nxf4 26. Nxf4 Bb6 27.
Rd7 Nd4 28. Nh3 Ra8 29. Nb5 Nxb5 30. Rb7 Ra6 31. Ng5 g6 32. Nxh7 Bxf2 33. Ng5
Rb6 34. Rxb6 Bxb6 35. Kc2 Ba5 36. Nf3 Kg7 37. a4 Nd6 38. b3 cxb3+ 39. Kxb3 Kf6
40. Kc2 Kf5 41. Kd3 Kf4 42. Ke2 Nf5 43. Kf2 Bb6+ 44. Kg2 Ne3+ 45. Kf2 Nc4+ 46.
Kg2 Nb2 47. Nh4 Kg5 48. Nf3+ Kg4 49. Ne5+ Kf5 50. Nc6 Nxa4 51. Ne7+ Kf6 52. Nd5+
Ke5 53. Ne7 Kf6 54. Nd5+ Ke6 55. Nf4+ Kf5 56. Ne2 Nb2 57. Ng3+ Kg4 58. Nf1 Nc4
59. Ng3 Ne3+ 60. Kh1 Kf3 61. Kg1 Ng4+ 62. Kh1 Nf2+ 63. Kg1 Ne4+ 64. Kh1 Nd2 0-1

[Event "Moscow Open C University Men"]
[Site "Moscow RUS"]
[Date "2011.01.31"]
[Round "3.10"]
[White "Zimin, Alexey"]
[Black "Reshetnikov, Alexey"]
[Result "0-1"]
[BlackTitle "IM"]
[WhiteElo "2208"]
[BlackElo "2478"]
[WhiteFideId "4168925"]
[BlackFideId "4162080"]
[EventDate "2011.01.29"]

1. e4 c5 2. Na3 Nc6 3. Bb5 Qc7 4. Nf3 a6 5. Bxc6 Qxc6 6. O-O d6 7. d4 cxd4 8.
Nxd4 Qc7 9. Qe2 Nf6 10. Bg5 e6 11. Nc4 Nxe4 12. Qxe4 Qxc4 13. Rfe1 e5 14. Rad1
f6 15. Bc1 Be7 16. b3 Qf7 17. Nf5 d5 18. Qf3 Bxf5 19. Qxf5 O-O 20. c4 d4 21. f4
Bd6 22. c5 Bxc5 23. fxe5 Qd5 24. Qe4 Qxe4 25. Rxe4 fxe5 26. Rxe5 Rac8 27. Rxc5
Rxc5 28. Ba3 Ra5 29. Bxf8 Kxf8 30. a4 Rd5 31. Kf2 Ke7 32. Ke2 Re5+ 33. Kd3 Re3+
34. Kc4 Rc3+ 35. Kb4 Rc2 36. Rxd4 Rxg2 37. Rh4 h6 38. Kc5 Rg6 39. Rb4 Rc6+ 40.
Kd5 Rc7 41. Rf4 b6 42. Rb4 Rc5+ 43. Ke4 Rc6 44. Ke5 Re6+ 45. Kd5 Kd7 46. Rg4 g5
47. h4 Rd6+ 48. Ke4 Kc6 49. hxg5 Rg6 50. Kd4 Kd6 51. b4 hxg5 52. Ke4 Ke6 53. Kf3
Kd5 54. Kg3 b5 55. axb5 axb5 56. Kf3 Rf6+ 57. Ke3 Re6+ 58. Kd3 Re5 59. Rg1 Ke6
60. Kd4 Rd5+ 61. Ke4 Rf5 62. Ke3 Kf6 63. Rg4 Kg6 64. Ke4 Rf1 65. Kd3 Rf4 66. Rg1
Rxb4 67. Ke3 Rf4 68. Kd3 g4 69. Ke3 Kg5 0-1